Zero - The Smashing Pumpkins [lyrics] - Statistics

General Stats
  • This quiz has been taken 41 times
  • The average score is 104 of 156
Answer Stats
Answer % Correct
a
100%
I
100%
and
96%
the
93%
The
93%
You
93%
you
93%
your
89%
zero
89%
go
85%
I'm
85%
love
85%
me
85%
For
81%
for
81%
in
81%
is
81%
like
81%
My
81%
my
81%
on
81%
one
81%
empty
78%
God
78%
Just
78%
need
78%
to
78%
Emptiness
74%
godliness
74%
loneliness
74%
lover
74%
oh
74%
really
74%
She's
74%
when
74%
all
70%
cleanliness
70%
no
70%
ride
70%
Wanna
70%
yeah
70%
connection
67%
reflection
67%
dirty
63%
dreams
63%
mirror
63%
myself
63%
only
63%
with
63%
There's
56%
face
52%
madness
48%
of
48%
sadness
48%
them
48%
gonna
44%
Intoxicated
44%
save
44%
So
44%
what
44%
prayers
41%
can't
37%
kingdoms
37%
That
37%
that
37%
we're
37%
ignore
33%
never
33%
out
33%
was
33%
yourself
33%
down
30%
enchanted
30%
fakers
30%
fly
30%
let
30%
glass
26%
victims
26%
blame
22%
Bullshit
22%
ship
22%
sinking
22%
fashion
19%
more
19%
their
19%
wanting
19%
cares
15%
charcoal
15%
Throw
15%
teeth
11%
chew
7%
No matching quizzes found
Score Distribution
Percent of People with Each Score
Percentile by Number Answered
Your Score History
You have not taken this quiz